Bibliografía. Vivencias cotidianas. Trabajo de entrevistas. Apuntes para una definición de la palabra femenina/
Gespeichert in:
| 1. Verfasser: | |
|---|---|
| Weitere Verfasser: | , , , , |
| Format: | Text |
| Veröffentlicht: |
Lima :
|
| Tags: |
Tag hinzufügen
Keine Tags, Fügen Sie den ersten Tag hinzu!
|
MARC
| LEADER | 00000 a a2200000 04500 | ||
|---|---|---|---|
| 001 | 14564 | ||
| 003 | |||
| 040 | |||
| 090 | |a 014300 | ||
| 100 | |a Reboredo, Aída | ||
| 245 | |a Bibliografía. Vivencias cotidianas. Trabajo de entrevistas. Apuntes para una definición de la palabra femenina/ |c Aída Reboredo | ||
| 260 | |a Lima : | ||
| 300 | |a 5 p. | ||
| 700 | |a Deler, Françoise | ||
| 700 | |a Richard, Nelly | ||
| 700 | |a Noé, Paula | ||
| 700 | |a Cintra, Silvia | ||
| 700 | |a Montesino, Sonia | ||
| 999 | |c 16001 |d 16001 | ||
